000 00233nam a22000857a 4500
008 160716b xxu||||| |||| 00| 0 eng d
100 _92969
_a Dumas, A
245 _aThe Count of Monte Cristo
260 _aNew Delhi
_bOrient Publication
_c2006
999 _c2532
_d2532